Missing Word: Shared Title - Statistics

General Stats
  • This quiz has been taken 41 times
  • The average score is 12 of 14
Answer Stats
Movie Shared Word Song % Correct
____ Impact Deep Rolling In The ____
97%
____ to the Future Back Smile ____
95%
Crazy, Stupid, ____ Love We Found ____
92%
Zack and Miri ____ a Porno Make ____ Me Proud
92%
All The Right ____ Moves ____ Like Jagger
92%
Natural ____ Killers Born ____ This Way
89%
____ Will Hunting Good ____ Feeling
89%
Scary _____ Movie If This Was A _____
89%
_____ Night Lights Friday Last _____ Night
87%
____ Alone Home Don't Wanna Go ____
87%
_____ To Watch Over Me Someone _____ Like You
87%
___ Another Day Die If I ___ Young
84%
_____ A Paddle Without _____ You
39%
____ Man Rain It Will ____
34%
No matching quizzes found
Score Distribution
Percent of People with Each Score
Percentile by Number Answered
Your Score History
You have not taken this quiz